कन्धे पर बैठा था शाप (Record no. 2636)
[ view plain ]
| 000 -LEADER | |
|---|---|
| fixed length control field | 01484 a2200277 4500 |
| 005 - DATE AND TIME OF LATEST TRANSACTION | |
| control field | 20080927104252.0 |
| 008 - FIXED-LENGTH DATA ELEMENTS--GENERAL INFORMATION | |
| fixed length control field | 080927t xxu||||| |||| 00| 0 hin d |
| 010 ## - LCCN (DPL NO) | |
| LC control number | HIN-77650 |
| 020 ## - INTERNATIONAL STANDARD BOOK NUMBER | |
| International Standard Book Number | 8126312602 |
| Terms of availability | 130.00 |
| 035 ## - SYSTEM CONTROL NUMBER | |
| System control number | HN-50096 |
| 035 ## - SYSTEM CONTROL NUMBER | |
| System control number | B-317716 |
| 037 ## - SOURCE OF ACQUISITION | |
| Source of stock number/acquisition | D.B.Act / pub |
| 082 ## - DEWEY DECIMAL CLASSIFICATION NUMBER | |
| Classification number | 822 |
| 100 ## - MAIN ENTRY--PERSONAL NAME | |
| Personal name | मीरा कान्त |
| 245 ## - TITLE STATEMENT | |
| Title | कन्धे पर बैठा था शाप |
| Statement of responsibility, etc | मीरा कान्त |
| 246 ## - VARYING FORM OF TITLE | |
| Title proper/short title | Kande par batt th shap |
| Remainder of title | by Mira Kant |
| 260 ## - PUBLICATION, DISTRIBUTION, ETC. (IMPRINT) | |
| Place of publication, distribution, etc | नई दिल्ली |
| Name of publisher, distributor, etc | भारतीय ज्ञानपीठ |
| Date of publication, distribution, etc | 2006 |
| 300 ## - PHYSICAL DESCRIPTION | |
| Extent | 163पृ |
| Dimensions | 22 सेमी (सजिल्द) |
| 490 ## - SERIES STATEMENT | |
| Series statement | (लोकोदय ग्रंथमालाःग्रंथांक 833) |
| 650 ## - SUBJECT ADDED ENTRY--TOPICAL TERM | |
| Topical term or geographic name as entry element | हिन्दी नाटक |
| 650 ## - SUBJECT ADDED ENTRY--TOPICAL TERM | |
| Topical term or geographic name as entry element | Hindi Poerty |
| 942 ## - ADDED ENTRY ELEMENTS (KOHA) | |
| Institution code [OBSOLETE] | dpl |
| Item type | Hindi Books |
| Call number prefix | 822 / मीराका |
| Source of classification or shelving scheme | Dewey Decimal Classification |
| Classification part | 822 |
| Call number suffix | मीराका |
| Withdrawn status | Lost status | Source of classification or shelving scheme | Damaged status | Not for loan | Home library | Current library | Date acquired | Source of acquisition | Cost, normal purchase price | Total Checkouts | Full call number | Barcode | Date last seen | Copy number | Cost, replacement price | Koha item type | Collection code |
|---|---|---|---|---|---|---|---|---|---|---|---|---|---|---|---|---|---|
| Dewey Decimal Classification | D.B.Act.Division | D.B.Act.Division | dbad / pub | 130.00 | 822 मीराका | HN-50096 | 15/09/2008 | 1 | 130.00 | Hindi Books | |||||||
| Dewey Decimal Classification | Sarojini Nagar | Sarojini Nagar | 07/06/2019 | 1 | 822 मीराका | B-243209 | 24/06/2019 | Hindi Books | Non-fiction | ||||||||
| Dewey Decimal Classification | Vinoba Puri | Vinoba Puri | 27/09/2008 | BPPD / | 130.00 | 2 | 822 मीराका | B-284119 | 11/03/2014 | 1 | 130.00 | Hindi Books | Non-fiction | ||||
| Dewey Decimal Classification | Vinoba Puri | Vinoba Puri | 05/03/2009 | dbad / dup | 130.00 | 2 | 822 मीराका | B-317716 | 29/05/2012 | 1 | 130.00 | Hindi Books | Non-fiction |
